LIBRARY & INFORMATION CENTRE, KCAET, TAVANUR

ONLINE PUBLIC ACCESS CATALOGUE (OPAC)

Object Oriented Programming with C++ (Record no. 19418)

MARC details
000 -LEADER
fixed length control field 00404nam a22001577a 4500
003 - CONTROL NUMBER IDENTIFIER
control field OSt
008 - FIXED-LENGTH DATA ELEMENTS--GENERAL INFORMATION
fixed length control field 250220b |||||||| |||| 00| 0 eng d
020 ## - INTERNATIONAL STANDARD BOOK NUMBER
ISBN 9 790070 402118
041 ## - LANGUAGE CODE
Language code of text/sound track or separate title eng
082 ## - DEWEY DECIMAL CLASSIFICATION NUMBER
Classification number 005.133
Item number BAL/OB
100 ## - MAIN ENTRY--AUTHOR NAME
Personal name Balaguruswamy, E
245 ## - TITLE STATEMENT
Title Object Oriented Programming with C++
250 ## - EDITION STATEMENT
Edition statement 2nd 12th Reprint
260 ## - PUBLICATION, DISTRIBUTION, ETC. (IMPRINT)
Place of publication New Delhi:
Name of publisher Tata McGraw Hill,
Year of publication 2001.
942 ## - ADDED ENTRY ELEMENTS (KOHA)
Koha item type Books
Holdings
Withdrawn status Lost status Damaged status Home library Current library Date acquired Cost, normal purchase price Accession Number Koha item type
      KAUAET KAUAET 20/02/2025 120.00 20339 Books
free website counter